Countries Closest to the Caspian Sea - Statistics

General Stats
  • This quiz has been taken 76 times
  • The average score is 19 of 20
Answer Stats
km Country % Correct
136 Georgia
100%
0 Azerbaijan
98%
0 Kazakhstan
98%
0 Russia
98%
358 Turkey
98%
0 Turkmenistan
98%
195 Armenia
97%
0 Iran
97%
658 Afghanistan
95%
318 Iraq
95%
1155 Tajikistan
95%
246 Uzbekistan
95%
794 Kuwait
94%
587 Syria
92%
999 Pakistan
90%
653 Ukraine
90%
922 Saudi Arabia
87%
1141 Bahrain
81%
1043 Jordan
79%
1154 Qatar
79%
No matching quizzes found
Score Distribution
Percent of People with Each Score
Percentile by Number Answered
Your Score History
You have not taken this quiz